zpět

Detail výsledku týmu

Hospůdka za Mlýnem, Černá Hora

Datum a čas kvízu

41 Celkem bodů Celkový počet nahraných bodů na tomto kvízu bez doplňovacích otázek.
2. Pořadí na kvízu Konečné umístění týmu na tomto kvízu.

Zaznamenané odpovědi

# Otázka Odpověď Body Výsledky
1. V sobotu se v jedné obci na Br... Nové Heřminovy 1
2. Školský obvod nedaleko Houston... má odhalené ňadro 1
3. Nová streamovací platforma One... Monyová 1
4. Cukrárna nedaleko Paříže překo... jahody 0
5. Česká sportovkyně Renata Zacho... v judu 1
6. Opuštěné budovy mají pro řadu... B) urbex 1
7. Mezi nejslavnější opuštěná měs... 1986 1
8. V Kolmanskopu v jihozápadní Af... Namib/Namibská poušť 1
9. Velmi smutný osud potkal celou... Sarajevo, 1984 1
10. Ostrov La Isla de las Muñecas... B) panenkami 1